000 00536nam a2200193Ia 4500
008 191130s2009##################000#0#eng##
020 _a9788126520756
040 _aACL
_cACL
082 _a332.6457 PAR
100 _aParasuraman, N. R
245 _aFundamentals of financial derivatives
_cN.R. Parasuraman
250 _a2nd ed
260 _a[no place]
_b[publisher not identified]
_c2009
300 _a307 p. ; 24 cm
650 _aEconomics
990 _a3e892a69ac10000c363def33354a3878
991 _a158815
999 _c264289
_d264289